000 00801nam a2200253Ia 4500
003 OSt
005 20221005104342.0
006 a|||||r|||| 00| 0
007 ta
008 221004b |||||||| |||| 00| 0 urd d
024 _a5248
037 _cTextual
040 _aCRL
_cCRL
_burd
041 _2urd
_aurd
082 _aO168,3NSH,SK, 152M3.2
100 _aथानवी, शौकत
245 0 _aसेहरे के फूल
246 _aSehare ke fūla
260 _aदिल्ली
_bप्रेम प्रकाशन मंदिर भारत
_c1983
300 _a171पृ0
_ccm.
650 _aउर्दू साहित्य
942 _hO168,3NSH,SK, 152M3.2
_cTEXL
_2cc
999 _c1012444
_d1012444